000 00665nam a2200181 a 4500
008 120416s1988 ||||||||||||||||| || u
020 _a0851392024
050 _aKD 175.B8 Con
100 _aPowell-Smith, Vincent
245 1 0 _aConstruction law reports, vol. 11
_cedited by Michael Furmston
260 _aLondon
_bThe Architectural P
_c1988
300 _avi, 152p.
350 _a0.00
650 _aCONSTRUCTION
650 0 _aCONSTRUCTION INDUSTRY--LAW AND LEGISLATION
700 _aFurmston, Michael
995 _D0.00
_FCBU-MAIN LIBRARY (Kitwe)
_H1
_I25.00
_M1
_UAVAILABLE
_ZMain Library Open Access Collection
999 _c38534
_d38534